000 00536nam a2200169Ia 4500
008 090201s9999 xx 000 0 und d
010 _aKPL-60343
040 _bमराठी
041 _aमराठी
082 _a2563
_b60343
100 _aशिरीष कणेकर
245 _aएकला बोलो रे
_cशिरीष कणेकर
260 _c2004
_bमॅजेस्टिक प्रकाशन
300 _a198
_bमोठा
600 _aएकला बोलो रे
942 _cBOOK
999 _c203650
_d203650